Society: An introductory analysis (Record no. 29426)

MARC details
000 -LEADER
fixed length control field 00303nam a2200121Ia 4500
082 ## - DEWEY DECIMAL CLASSIFICATION NUMBER
Classification number 301
Item number MAC
100 ## - MAIN ENTRY--AUTHOR NAME
Personal name MacIver, R M
245 #0 - TITLE STATEMENT
Title Society: An introductory analysis
260 ## - PUBLICATION, DISTRIBUTION, ETC. (IMPRINT)
Place of publication Delhi
Name of publisher Macmillan
Year of publication 1977
700 ## - ADDED ENTRY--PERSONAL NAME
Personal name Page, Charles H
942 ## - ADDED ENTRY ELEMENTS (KOHA)
Koha item type Books
Holdings
Withdrawn status Lost status Damaged status Not for loan Home library Current library Date acquired Full call number Accession Number Koha item type
        RRII Library RRII Library 16/12/2021 301 MAC 10013 Books